Statistieken voor Landen in Noord-Amerika

Klik hier om de quiz te nemen!

Algemene statistieken

  • Deze quiz is 24.112 keer genomen
  • De gemiddelde score is 15 van 23

Antwoorden op de kaart

Antwoorden kleurgecodeerd door een groen-rode schaal op de quizkaart volgens % correct hieronder.
 

Antwoordstatistieken

Land% Correct
Canada
99%
Mexico
99%
Verenigde Staten
99%
Cuba
84%
Panama
79%
Costa Rica
71%
Haïti
70%
Bahama's
69%
Honduras
69%
Jamaica
69%
Dominica
66%
Dominicaanse Republiek
63%
El Salvador
63%
Guatemala
63%
Nicaragua
60%
Belize
58%
Barbados
49%
Saint Lucia
46%
Saint Vincent en de Grenadines
43%
Trinidad en Tobago
43%
Saint Kitts en Nevis
42%
Antigua en Barbuda
40%
Grenada
40%

Scoreverdeling

Percentiel versus Aantal Correcte Antwoorden

Procent van Mensen met Elke Score

Uw Scoregeschiedenis

U heeft deze quiz nog niet genomen